Dark Souls 3 Bosses - Statistics

General Stats
  • This quiz has been taken 459 times
    447 since last reset
  • The average score is 19 of 25
Answer Stats
Hint Answer % Correct
High Wall of Lothric Vordt of the Boreal Valley
93%
Farron Keep Abyss Watchers
91%
Untended Graves Champion Gundyr
87%
Smouldering Lake Old Demon King
87%
Cemetary of Ash Iudex Gundyr
86%
Profaned Capital Yhorm the Giant
86%
Cathedral of the Deep Deacons of the Deep
85%
The Nameless King
85%
Anor Londo Aldrich, Devourer of Gods
83%
Catacombs of Carthus High Lord Wolnir
83%
Road of Sacrifices Crystal Sage
82%
Kiln of the First Flame Soul of Cinder
80%
Sister Friede
79%
Consumed King's Garden Oceiros, Consumed King
76%
Slave Knight Gael
76%
Lothric Castle Dancer of the Boreal Valley
75%
Dragonslayer Armour
74%
Undead Settlement Curse-Rotted Greatwood
73%
Irithyll of the Boreal Valley Pontiff Sulyvahn
73%
Archdragon Peak Ancient Wyvern
70%
The Ringed City Darkeater Midir
70%
Dreg Heap The Demon Prince
66%
Grand Archives Lorian & Lothric
60%
Painted World of Arandiel Champion Gravetender & Gravetender Greatwolf
56%
Halflight, Spear of the Church
54%
No matching quizzes found
Score Distribution
Percent of People with Each Score
Percentile by Number Answered
Your Score History
You have not taken this quiz since the last reset